[Event "OBEM 2016"]
[Site "Germany , Bremen"]
[Date "2016.03.23"]
[Round "6.30"]
[White "Holtermann, Klaas"]
[Black "Laubrock, Sophia"]
[Result "1/2-1/2"]
[WhiteElo "1714"]
[BlackElo "1550"]
[PlyCount "93"]

1. e4 d5 2. exd5 Qxd5 3. Nc3 Qa5 4. Bc4 Nf6 5. d3 Bf5 6. Qe2 Nbd7 7. Nf3 e6 8.
Bd2 c6 9. Nd4 Be7 10. Nd5 Qd8 11. Nxe7 Qxe7 12. Nxf5 exf5 13. Qxe7+ Kxe7 14.
O-O-O Rhe8 15. h3 Kf8 16. Rhe1 Nd5 17. Bb3 Kg8 18. c4 Nc7 19. d4 Re4 20. Rxe4
fxe4 21. Bc2 f5 22. g4 g6 23. gxf5 gxf5 24. Rg1+ Kf7 25. Rg5 Kf6 26. Rh5 Kg6
27. Rh6+ Kg7 28. Rh5 Kg6 29. Rh6+ Kg7 30. Rd6 Nf6 31. Bg5 Nce8 32. Re6 Kf7 33.
Re5 Kg6 34. Bxf6 Kxf6 35. Ra5 a6 36. Ra3 Rd8 37. Rb3 Rd7 38. d5 cxd5 39. cxd5
Rxd5 40. Rxb7 h5 41. Rb6+ Rd6 42. Rb8 Nc7 43. Rh8 Kg5 44. Bd1 Rh6 45. h4+ Kg6
46. Rg8+ Kf6 47. Rg5 1/2-1/2

[Event "OBEM 2016"]
[Site "Germany , Bremen"]
[Date "2016.03.23"]
[Round "6.31"]
[White "Steingraeber, Hans-Joachim"]
[Black "Ficken, Hartmut"]
[Result "1/2-1/2"]
[WhiteElo "1561"]
[BlackElo "1714"]
[PlyCount "65"]

1. d4 d5 2. Nf3 Nf6 3. Bf4 e6 4. e3 Bd6 5. Ne5 O-O 6. Bd3 c5 7. c3 b6 8. Nd2 c4
9. Bc2 Bb7 10. Qf3 b5 11. a3 Qc7 12. e4 Nbd7 13. Nxd7 Nxd7 14. e5 Be7 15. Qg3
Rfe8 16. Nf3 Qd8 17. h4 f6 18. h5 f5 19. h6 g6 20. O-O-O a5 21. Bg5 Bxg5+ 22.
Nxg5 Nf8 23. f4 Qe7 24. Qh4 b4 25. Ba4 Reb8 26. Nf3 Qxh4 27. Rxh4 Bc8 28. g4
Ra7 29. gxf5 exf5 30. Bc6 Bb7 31. Bb5 Ba6 32. Bc6 Bb7 33. Bb5 1/2-1/2

[Event "OBEM 2016"]
[Site "Germany , Bremen"]
[Date "2016.03.23"]
[Round "6.32"]
[White "Seliskar, Henryk"]
[Black "Rast, Matthias"]
[Result "1/2-1/2"]
[WhiteElo "1540"]
[BlackElo "1213"]
[PlyCount "62"]

1. c4 f5 2. Nf3 Nf6 3. Nc3 g6 4. g3 Bg7 5. Bg2 O-O 6. O-O c6 7. d3 d5 8. cxd5
cxd5 9. Qc2 Nc6 10. a3 d4 11. Nb5 a6 12. Qc4+ Kh8 13. Nbxd4 Bd7 14. Nxc6 Bxc6
15. Rd1 Rc8 16. Qb4 Qc7 17. Qh4 Nh5 18. Rb1 Rf7 19. Ng5 Rf6 20. Bf4 e5 21. Bd2
Bf8 22. Bc3 Bd6 23. d4 Qe7 24. d5 Bb5 25. Bf3 Qe8 26. Bxh5 gxh5 27. e4 Qg6 28.
Nf3 Re8 29. Ng5 Rc8 30. Re1 Rcf8 31. f4 Re8 1/2-1/2

[Event "OBEM 2016"]
[Site "Germany , Bremen"]
[Date "2016.03.23"]
[Round "6.33"]
[White "Krueger, Gerhard"]
[Black "Borbely, Kurt"]
[Result "1/2-1/2"]
[WhiteElo "1367"]
[BlackElo "1054"]
[PlyCount "64"]

1. e4 e6 2. d4 d5 3. Nc3 c5 4. exd5 exd5 5. Nf3 a6 6. h3 Nc6 7. Be2 Qb6 8. O-O
Nf6 9. Be3 Be6 10. Na4 Qa5 11. Nxc5 Bxc5 12. dxc5 Ne4 13. a3 Qc7 14. Nd4 Nxd4
15. Qxd4 O-O 16. b4 Rad8 17. Rad1 f6 18. Qb2 Qe5 19. Rd4 f5 20. f4 Qf6 21. Qc1
Ng3 22. Re1 Nxe2+ 23. Rxe2 Bf7 24. Red2 Rfe8 25. R2d3 Re4 26. Qd2 h6 27. Kh2
Rde8 28. Rxe4 fxe4 29. Bd4 Qf5 30. Rg3 g6 31. Be5 Rd8 32. Qd4 Rd7 1/2-1/2

[Event "OBEM 2016"]
[Site "Germany , Bremen"]
[Date "2016.03.23"]
[Round "6.34"]
[White "Frankenberg, Lea-Marie"]
[Black "Dietrich, Igor"]
[Result "0-1"]
[WhiteElo "1000"]
[BlackElo "1865"]
[PlyCount "88"]

1. e4 c6 2. Nc3 d5 3. d3 d4 4. Nce2 Bg4 5. f3 Bh5 6. Bf4 f6 7. Ng3 Bg6 8. N1e2
e5 9. Bd2 h5 10. f4 h4 11. Nf5 Bf7 12. g3 h3 13. Bxh3 Rxh3 14. Ng1 Rh7 15. Qg4
Qd7 16. O-O-O g6 17. Nf3 gxf5 18. exf5 Bh5 19. Qxg8 Bxf3 20. Qg6+ Qf7 21. Qxf7+
Kxf7 22. Rhf1 Bxd1 23. Rxd1 Bd6 24. Rh1 Nd7 25. h3 Rg8 26. g4 Rxg4 27. Be1 exf4
28. h4 f3 29. Bf2 Bf4+ 30. Kd1 Be3 31. Be1 f2 32. Bxf2 Bxf2 33. h5 Rg1+ 34.
Rxg1 Bxg1 35. Ke2 Ne5 36. Kf1 Be3 37. Kg2 Rxh5 38. Kg3 Rxf5 39. Kh4 Kg6 40. Kh3
Rg5 41. Kh4 Bf4 42. Kh3 Nf3 43. c3 Kh5 44. cxd4 Rg3# 0-1

[Event "OBEM 2016"]
[Site "Germany , Bremen"]
[Date "2016.03.23"]
[Round "6.35"]
[White "Rose, Helmut"]
[Black "Zijlstra, Berend"]
[Result "1/2-1/2"]
[WhiteElo "1511"]
[BlackElo "1300"]
[PlyCount "58"]

1. c4 d5 2. d4 e6 3. Nc3 Be7 4. Bf4 Nf6 5. e3 O-O 6. Bd3 Nbd7 7. Nf3 Nh5 8. Bg3
Ndf6 9. cxd5 exd5 10. Rc1 c6 11. Qc2 g6 12. a3 Ng4 13. Qd2 f5 14. Be2 Bg5 15.
Nxg5 Qxg5 16. h4 Qf6 17. Bh2 Qxh4 18. Bxg4 fxg4 19. O-O Bf5 20. Be5 g3 21. Bxg3
Nxg3 22. fxg3 Qxg3 23. Rf3 Qh4 24. Rcf1 Rf7 25. Rf4 Qe7 26. e4 Be6 27. exd5
Rxf4 28. Rxf4 Bxd5 29. Nd1 Rf8 1/2-1/2

[Event "OBEM 2016"]
[Site "Germany , Bremen"]
[Date "2016.03.23"]
[Round "6.37"]
[White "Kueck, Alexander"]
[Black "Schubert, Karl Heinz"]
[Result "0-1"]
[WhiteElo "1331"]
[BlackElo "1027"]
[PlyCount "44"]

1. d4 b6 2. e4 Bb7 3. Nc3 e6 4. Nf3 Nf6 5. Bd3 Bb4 6. Bg5 h6 7. Bxf6 Qxf6 8.
Qd2 d6 9. O-O-O Nd7 10. Rhe1 O-O 11. Re2 e5 12. dxe5 dxe5 13. Ne1 Nc5 14. a3
Bxc3 15. Qxc3 a5 16. b4 Qc6 17. Qxe5 axb4 18. axb4 Na4 19. Bb5 Qc3 20. Qd4 Qa3+
21. Kb1 Nc3+ 22. Qxc3 Qxc3 0-1